Normal view
MARC view
- GC BILAL MAHSOOD GC HAROON UR RASHID GC HASSAN RABBANI
Entry Personal Name
001 - CONTROL NUMBER
- control field: 70767
003 - CONTROL NUMBER IDENTIFIER
- control field: NUST
005 - DATE AND TIME OF LATEST TRANSACTION
- control field: 20210628204542.0
008 - FIXED-LENGTH DATA ELEMENTS
- fixed length control field: 210628|| aca||aabn | a|a d
040 ## - CATALOGING SOURCE
- Original cataloging agency: NUST
- Transcribing agency: NUST
100 ## - HEADING--PERSONAL NAME
- Personal name: GC BILAL MAHSOOD GC HAROON UR RASHID GC HASSAN RABBANI
670 ## - SOURCE DATA FOUND
- Source citation: Work cat.: (NUST): GC BILAL MAHSOOD GC HAROON UR RASHID GC HASSAN RABBANI , PR-SOF-1512-DESIGN AND FABRICATION OF A PRECISION CUTTING MACHINE WITH A AUTONOMOUS CUTTING FLUID SUPPLY, 2016
